President-making in the Gilded Age : the nominating conventions of 1876-1900 /

Bibliographic Details
Main Author: Haynes, Stan M., 1957- (Author)
Corporate Author: EBSCOhost
Format: eBook
Language:English
Published: Jefferson, North Carolina : McFarland & Company, Inc., Publishers, [2016]
Subjects:
Online Access:Connect to the full text of this electronic book

MARC

Tag First Indicator Second Indicator Subfields
LEADER 00000cam a22000001i 4500
001 in00004235521
006 m |o d |
007 cr |n|||||||||
008 200709s2016 ncua ob 001 0 eng d
005 20260612162056.7
020 |a 9781476623054 (electronic bk.) 
020 |a 1476623058 (electronic bk.) 
020 |z 9781476663128 (softcover : alk. paper) 
020 |z 1476663122 (softcover : alk. paper) 
024 8 |a 99984768854 
035 |a (NhCcYBP)ybp12724588 
040 |a NhCcYBP  |c NhCcYBP  |d UtOrBLW 
043 |a n-us--- 
050 4 |a JK2255  |b .H393 2016 
082 0 4 |a 324.273/15609034  |2 23 
100 1 |a Haynes, Stan M.,  |d 1957-  |e author.  |0 http://id.loc.gov/authorities/names/n2012025908 
245 1 0 |a President-making in the Gilded Age :  |b the nominating conventions of 1876-1900 /  |c Stan M. Haynes. 
264 1 |a Jefferson, North Carolina :  |b McFarland & Company, Inc., Publishers,  |c [2016] 
300 |a 1 online resource. 
336 |a text  |b txt  |2 rdacontent 
337 |a computer  |b c  |2 rdamedia 
338 |a online resource  |b cr  |2 rdacarrier 
504 |a Includes bibliographical references and index. 
505 0 |a Centennial showdown -- 1880: All generals to the front -- 1884: Democrats back in charge -- 1888: Harrison vs. Cleveland; round one -- 1892: Harrison vs. Cleveland; rematch -- 1896: McKinley vs. Bryan; round one -- 1900: McKinley vs. Bryan; rematch -- Conclusion. 
588 |a Description based on print version record. 
500 |a Electronic resource. 
650 0 |a Political conventions  |z United States  |x History  |y 19th century. 
650 0 |a Presidents  |z United States  |x Election  |x History  |y 19th century. 
650 0 |a Nominations for office  |z United States  |x History  |y 19th century. 
651 0 |a United States  |x Politics and government  |y 1865-1900.  |0 http://id.loc.gov/authorities/subjects/sh85140445 
655 7 |a Electronic books.  |2 local 
710 2 |a EBSCOhost. 
776 1 8 |c Original  |z 9781476663128  |z 1476663122  |w (DLC) 2015038578 
856 4 0 |u http://proxy.library.tamu.edu/login?url=https://search.ebscohost.com/login.aspx?direct=true&scope=site&db=nlebk&db=nlabk&AN=1104597  |z Connect to the full text of this electronic book  |t 0 
955 |a YBP purchased EBSCO DDA e-records 
999 f f |s 6c2db4e1-aa77-3744-b3fc-b980b10cc4b6  |i 8aaec848-86d9-300f-a6a8-3279c6164838  |t 0 
952 f f |a Texas A&M University  |b College Station  |c Electronic Resources  |s www_evans  |d Available Online  |t 0  |e JK2255 .H393 2016  |h Library of Congress classification 
998 f f |a JK2255 .H393 2016  |t 0  |l Available Online